[Event "XVII Profigaia Open 2017"]
[Site "Gaia"]
[Date "2017.06.15"]
[Round "2"]
[White "Da Silva, Daniel Leite"]
[Black "Quinta, Daniel"]
[Result "1-0"]
[WhiteElo "2033"]
[BlackElo "2064"]
[Annotator "NA"]
[PlyCount "87"]
[EventDate "2017.??.??"]
[EventType "swiss"]
[EventCountry "POR"]
[SourceTitle "playchess.com"]
[Source "ChessBase"]
[SourceQuality "1"]
[TimeControl "5400+30"]

1. Nf3 {[%emt 0:03:55]} c6 {[%emt 0:00:18]} 2. b3 d6 {[%emt 0:00:50]} 3. Bb2 {[%emt 0:00:46]} h6 {[%emt 0:00:23]} 4. d3 {[%emt 0:02:41]} Bg4 {[%emt 0:00:33]} 5. e4 {[%emt 0:01:08]} Nd7 {[%emt 0:00:46]} 6. h3 {[%emt 0:01:04]} Bxf3 {[%emt 0:00:45]} 7. Qxf3 {[%emt 0:00:30]} e5 {[%emt 0:00:13]} 8. Nc3 {[%emt 0:03:02]} Qf6 {[%emt 0:00:26]} 9. Qe2 {[%emt 0:01:43]} Ne7 {[%emt 0:00:30]} 10. O-O-O {[%emt 0:00:51]} Ng6 {[%emt 0:00:17]} 11. g3 {[%emt 0:01:06]} Be7 {[%emt 0:00:32]} 12. f4 {[%emt 0:02:36]} exf4 {[%emt 0:00:30]} (12... Bd8 $16 {was necessary.}) 13. Nd5 {[%emt 0:00:54]} Qg5 {[%emt 0:00:53]} 14. Nc7+ {[%emt 0:01:42]} Kf8 {[%emt 0:01:07]} 15. Nxa8 {[%emt 0:02:02]} fxg3+ {[%emt 0:00:27]} 16. Rd2 {[%emt 0:08:36]} Qa5 {[%emt 0:00:48]} 17. Kb1 {[%emt 0:01:40]} Bg5 {[%emt 0:01:00]} 18. Rd1 {[%emt 0:02:04]} h5 {[%emt 0:00:50]} 19. Qe1 $2 {[%emt 0:13:57]} (19. d4 $18) 19... Qxe1 {[%emt 0:00:55]} 20. Rxe1 {[%emt 0:00:18]} h4 {[%emt 0:00:12]} 21. Bc1 $2 {[%emt 0:06:01]} (21. e5 $14 {stays ahead.} Ke7 22. exd6+ Kxd6 23. Ba3+ (23. Bxg7 Rxa8 24. Bb2 Nf4 $11) 23... c5 24. Bg2 Rxa8 25. Bxb7) 21... Be7 $2 {[%emt 0:01:03]} (21... Bxc1 $17 22. Kxc1 (22. Rxc1 Ke7 $17) 22... Ke7) 22. Bg2 {[%emt 0:02:26]} Bf6 {[%emt 0:00:43]} 23. Ref1 {[%emt 0:01:22]} Bd4 {[%emt 0:01:09]} 24. Rf5 {[%emt 0:04:35]} Nge5 {[%emt 0:03:22]} 25. Nc7 {[%emt 0:00:58]} Rh7 {[%emt 0:01:18]} 26. Ne6+ {[%emt 0:00:29]} Ke7 {[%emt 0:00:50]} 27. Nxd4 {[%emt 0:00:19]} f6 {[%emt 0:00:34]} 28. Rf4 {[%emt 0:02:59]} g6 {[%emt 0:00:33]} 29. Ne2 {[%emt 0:02:40]} c5 {[%emt 0:00:43]} 30. Nc3 {[%emt 0:00:34]} g5 {[%emt 0:04:29]} 31. Rf5 {[%emt 0:01:29]} a6 {[%emt 0:02:10]} 32. Rhf1 {[%emt 0:01:16]} b5 {[%emt 0:00:43]} 33. Nd5+ {[%emt 0:00:28]} Kd8 {[%emt 0:00:27]} 34. Nxf6 {[%emt 0:00:41]} Nxf6 {[%emt 0:00:15]} 35. Bxg5 {[%emt 0:01:00]} Kc7 {[%emt 0:03:37]} 36. Bxf6 {[%emt 0:01:44]} Kc6 {[%emt 0:00:10]} 37. Bxe5 {[%emt 0:00:21]} c4 {[%emt 0:01:18]} 38. Bd4 {[%emt 0:01:14]} cxb3 {[%emt 0:00:44]} 39. cxb3 {[%emt 0:00:28]} b4 {[%emt 0:00:18]} 40. e5+ {[%emt 0:00:42]} d5 {[%emt 0:00:11]} 41. Rf6+ {[%emt 0:00:42]} Kb5 {[%emt 0:00:14]} 42. Bxd5 {[%emt 0:00:45]} Rd7 {[%emt 0:00:35]} 43. Bc4+ {[%emt 0:00:21]} Ka5 {[%emt 0:00:27]} 44. Rxa6# 1-0

[Event "XVII Profigaia Open 2017"]
[Site "Gaia"]
[Date "2017.06.15"]
[Round "2"]
[White "Da Silva, Daniel Leite"]
[Black "Quinta, Daniel"]
[Result "0-1"]
[WhiteElo "2033"]
[BlackElo "2064"]
[Annotator "NA"]
[PlyCount "94"]
[EventDate "2017.??.??"]
[EventType "swiss"]
[EventCountry "POR"]
[SourceTitle "playchess.com"]
[Source "ChessBase"]
[SourceQuality "1"]
[TimeControl "5400+30"]

{[%evp 8,87,37,37,50,35,42,42,48,29,52,64,74,64,109,99,101,90,204,204,192,184,32767,32767,32767,32767,32767,32767,32767,205,282,0,32767,32767,32767,-125,189,32767,32767,32767,34,32767,32767,32767,32767,32767,32767,32767,32767,32767,32767,32767,32767,32767,32767,32767,32767,32767,-383,-359,-364,-464,-355,-464,-540,-618,-695,-621,-635,-654,-748,32767,-752,32767,-1116,-797,-972,32767,32767,-970,-1366,-1161]} 1. e4 d5 {[%emt 0:06:46]} 2. exd5 {[%emt 0:00:00]} Nf6 {[%emt 0:00:08]} 3. Nf3 {[%emt 0:00:27]} Bg4 {[%emt 0:00:28]} 4. Be2 {[%emt 0:00:38]} Nxd5 {[%emt 0:00:19]} 5. d3 {[%emt 0:03:28]} Nc6 {[%emt 0:00:47]} 6. Be3 {[%emt 0:02:49]} Nxe3 {[%emt 0:05:14]} 7. fxe3 {[%emt 0:00:23]} e5 {[%emt 0:02:03]} 8. Nbd2 {[%emt 0:08:03]} Bc5 {[%emt 0:00:52]} 9. e4 {[%emt 0:01:06]} O-O {[%emt 0:00:27]} 10. c3 {[%emt 0:02:44]} a5 {[%emt 0:01:10]} 11. a4 {[%emt 0:01:49]} Qe7 {[%emt 0:01:37]} 12. Qc2 {[%emt 0:04:42]} Nd8 {[%emt 0:03:19]} 13. Qb3 {[%emt 0:06:53]} Ne6 {[%emt 0:01:11]} 14. g3 {[%emt 0:04:39]} Rfd8 {[%emt 0:06:46]} 15. Rf1 {[%emt 0:07:25]} Bh3 {[%emt 0:00:52]} 16. O-O-O {[%emt 0:01:07]} Bxf1 17. Rxf1 {[%emt 0:00:12]} Be3 {[%emt 0:01:49]} 18. Kc2 {[%emt 0:07:26]} Nc5 {[%emt 0:10:29]} 19. Qa2 {[%emt 0:04:12]} Bxd2 {[%emt 0:04:55]} 20. Nxd2 {[%emt 0:01:46]} Qd7 {[%emt 0:02:06]} 21. Rf3 {[%emt 0:02:45]} Qxa4+ {[%emt 0:00:27]} 22. Qxa4 {[%emt 0:00:17]} Nxa4 {[%emt 0:00:09]} 23. Nc4 {[%emt 0:00:38]} f6 {[%emt 0:00:53]} 24. g4 {[%emt 0:01:16]} b5 {[%emt 0:00:39]} 25. Nd2 {[%emt 0:00:29]} Nc5 {[%emt 0:00:55]} 26. g5 {[%emt 0:01:22]} fxg5 {[%emt 0:08:09]} 27. Rf5 {[%emt 0:00:52]} Ne6 {[%emt 0:01:17]} 28. Rxe5 {[%emt 0:01:03]} Nf4 {[%emt 0:00:21]} 29. Bf1 {[%emt 0:01:15]} c6 {[%emt 0:00:43]} 30. Rxg5 {[%emt 0:01:02]} a4 {[%emt 0:00:23]} 31. Rf5 {[%emt 0:02:01]} Rf8 {[%emt 0:01:09]} 32. Rc5 {[%emt 0:02:40]} a3 {[%emt 0:03:06]} 33. bxa3 {[%emt 0:01:36]} Rxa3 {[%emt 0:00:09]} 34. Rxc6 {[%emt 0:03:08]} Ra2+ {[%emt 0:00:20]} 35. Kd1 {[%emt 0:02:05]} Rfa8 {[%emt 0:01:27]} 36. Ke1 {[%emt 0:01:34]} Rb2 {[%emt 0:02:17]} 37. Kf2 {[%emt 0:03:23]} Rxd2+ {[%emt 0:00:49]} 38. Ke3 {[%emt 0:00:09]} Rxh2 {[%emt 0:01:21]} 39. Kxf4 {[%emt 0:00:30]} Rf2+ {[%emt 0:00:15]} 40. Ke5 {[%emt 0:00:30]} Rxf1 {[%emt 0:00:13]} 41. Rb6 {[%emt 0:02:48]} h5 {[%emt 0:02:16]} 42. Rxb5 {[%emt 0:00:44]} h4 {[%emt 0:00:06]} 43. Kd4 {[%emt 0:01:18]} h3 {[%emt 0:00:07]} 44. Rh5 $19 {[%emt 0:00:35]} Rf3 {[%emt 0:00:31]} 45. Kc4 {[%emt 0:00:42]} g6 {[%emt 0:00:32]} 46. Rh6 {[%emt 0:01:07]} Kg7 {[%emt 0:00:08]} 47. Rh4 {[%emt 0:00:23]} Rh8 {[%emt 0:00:30]} 0-1

[Event "XVII Profigaia Open 2017"]
[Site "Gaia"]
[Date "2017.06.15"]
[Round "2"]
[White "Pintor, Simao Maciel Abranc"]
[Black "Fernandes, Claudio Micael Sous"]
[Result "1-0"]
[WhiteElo "2022"]
[BlackElo "1661"]
[Annotator "NA"]
[PlyCount "45"]
[EventDate "2017.??.??"]
[EventType "swiss"]
[EventCountry "POR"]
[SourceTitle "playchess.com"]
[Source "ChessBase"]
[SourceQuality "1"]
[TimeControl "5400+30"]

1. Nf3 {[%emt 0:02:00]} c5 {[%emt 0:00:29]} 2. c4 {[%emt 0:00:14]} Nc6 {[%emt 0:00:11]} 3. g3 {[%emt 0:00:09]} g6 {[%emt 0:01:09]} 4. Bg2 {[%emt 0:00:06]} Bg7 {[%emt 0:00:02]} 5. O-O {[%emt 0:00:10]} Nf6 {[%emt 0:02:13]} 6. Nc3 {[%emt 0:00:06]} O-O {[%emt 0:00:08]} 7. d4 {[%emt 0:00:20]} cxd4 {[%emt 0:00:02]} 8. Nxd4 {[%emt 0:00:07]} Nxd4 {[%emt 0:01:18]} 9. Qxd4 {[%emt 0:00:06]} d6 {[%emt 0:00:22]} 10. b3 {[%emt 0:02:29]} Ne4 {[%emt 0:02:00]} 11. Qxe4 {[%emt 0:00:16]} Bxc3 {[%emt 0:00:02]} 12. Bg5 {[%emt 0:04:42]} Bxa1 {[%emt 0:05:29]} 13. Bxe7 Qa5 {[%emt 0:05:52]} 14. Bxf8 {[%emt 0:01:21]} Qxa2 {[%emt 0:00:16]} 15. Qe8 {[%emt 0:01:09]} h5 {[%emt 0:00:02]} 16. Bd5 {[%emt 0:01:39]} Be6 {[%emt 0:02:54]} 17. Qxa8 {[%emt 0:00:11]} Bxd5 {[%emt 0:00:20]} 18. cxd5 {[%emt 0:00:24]} Kh7 {[%emt 0:00:29]} 19. Qxb7 {[%emt 0:00:16]} Kg8 {[%emt 0:00:12]} 20. Bxd6 {[%emt 0:00:16]} Bd4 {[%emt 0:00:21]} 21. Qb8+ {[%emt 0:00:41]} Kh7 {[%emt 0:00:58]} 22. Be5 {[%emt 0:00:53]} Bxe5 {[%emt 0:00:02]} 23. Qxe5 {[%emt 0:00:06]} 1-0

[Event "XVII Profigaia Open 2017"]
[Site "Gaia"]
[Date "2017.06.15"]
[Round "2"]
[White "Andrade Sandoval, Jim Carlos"]
[Black "De Souza Monteiro, Marcos Paulo"]
[Result "1-0"]
[WhiteElo "1971"]
[BlackElo "1961"]
[Annotator "NA RC"]
[PlyCount "109"]
[EventDate "2017.??.??"]
[EventType "swiss"]
[EventCountry "POR"]
[SourceTitle "playchess.com"]
[Source "ChessBase"]
[SourceQuality "1"]
[TimeControl "5400+30"]

{[%evp 23,109,20,50,32767,61,56,32767,32767,81,32767,32767,85,91,32767,32767,32767,32767,32767,38,33,58,33,72,32767,32767,32767,32767,32767,32767,32767,32767,32767,32767,18,146,166,32767,456,1020,44,41,32767,736,32767,32767,841,810,905,811,802,29993,477,426,32767,32767,32767,32767,127,32767,32767,116,78,107,111,107,32767,498,529,491,643,602,763,682,676,825,1018,731,717,5714,2017,5189,1836,1235,4133,12841,29978,29978,12845]} 1. d4 {[%emt 0:00:00]} Nf6 {[%emt 0:00:05]} 2. c4 {[%emt 0:00:00]} e6 {[%emt 0:00:07]} 3. Nc3 {[%emt 0:00:00]} d5 {[%emt 0:00:06]} 4. cxd5 {[%emt 0:00:00]} exd5 {[%emt 0:00:30]} 5. Bg5 {[%emt 0:00:00]} c6 {[%emt 0:00:00]} 6. e3 {[%emt 0:00:24]} Be7 {[%emt 0:00:13]} 7. Bd3 {[%emt 0:00:00]} Nbd7 {[%emt 0:00:21]} 8. Qc2 {[%emt 0:00:07]} O-O {[%emt 0:00:53]} 9. Nf3 {[%emt 0:00:08]} Re8 {[%emt 0:00:18]} 10. O-O {[%emt 0:02:00]} h6 {[%emt 0:05:41]} 11. Bf4 {[%emt 0:03:06]} Nf8 {[%emt 0:05:52]} 12. Rab1 {[%emt 0:05:47]} Bg4 {[%emt 0:13:38] D36: Queen's Gambit Declined: Exchange Variation: Main line (5 Bg5 c6 6 Qc2)} (12... Nh5 13. Be5 Bg4 14. Nd2 Nd7 15. h3 Be6 16. Bh2 Rc8 17. b4 b5 18. a4 a5 19. axb5 axb4 20. Na2 cxb5 21. Qb2 Qa5 22. Nb3 Qb6 23. Qe2 Nhf6 24. Bxb5 Ne4 25. Rfc1 Rxc1+ 26. Rxc1 {½-½ (26) Georgiev,V (2511)-Medina,W (2351) Albena 2014}) 13. Ne5 {[%emt 0:02:20]} Be6 {[%emt 0:18:51]} 14. h3 {[%emt 0:03:52]} Nh5 $146 {[%emt 0:15:49]} ({Predecessor:} 14... Qc8 15. b4 a6 16. Rfc1 Bd6 17. a4 Qd8 18. b5 axb5 19. axb5 Rc8 20. bxc6 bxc6 {1-0 (29) Flear,C (2235)-Barakoff,A Toulouse 1995}) 15. Bh2 {[%emt 0:00:07]} Bd6 {[%emt 0:03:18]} 16. f4 {[%emt 0:09:19]} Qh4 {[%emt 0:19:37]} 17. Rf3 {[%emt 0:00:08]} Qe7 {[%emt 0:13:15]} 18. Rbf1 {[%emt 0:08:22]} Nf6 {[%emt 0:04:04]} 19. a3 {[%emt 0:32:14]} c5 {[%emt 0:00:31]} 20. Nb5 {[%emt 0:01:09]} cxd4 {[%emt 0:01:09]} 21. Nxd6 {[%emt 0:00:08]} Qxd6 {[%emt 0:00:10]} 22. exd4 Rec8 {[%emt 0:01:14]} 23. Qe2 {[%emt 0:10:35]} Qb6 {[%emt 0:00:17]} 24. Kh1 {[%emt 0:04:03]} Qxd4 {[%emt 0:01:02]} 25. Bg1 {[%emt 0:00:07]} Qa4 {[%emt 0:00:07]} 26. f5 {[%emt 0:00:12]} Bd7 {[%emt 0:00:21]} 27. Rf4 {[%emt 0:00:11]} Qa5 {[%emt 0:00:32]} 28. Bd4 {[%emt 0:00:48]} Re8 {[%emt 0:00:48]} ({Black should try} 28... N8h7 $1 $14) 29. Qf3 {[%emt 0:04:39]} Bb5 {[%emt 0:00:46] [#]} 30. Ng4 $1 {[%emt 0:04:15]} Ne4 {[%emt 0:00:49]} (30... N8d7 $142 31. Bxf6 Nxf6 32. Nxf6+ gxf6 33. Qxd5 Rad8 34. Rg4+ Kf8 35. Qc5+ Re7) 31. Bxb5 $2 {[%emt 0:05:35]} ({White should try} 31. f6 $18) 31... Qxb5 {[%emt 0:00:08]} 32. Nxh6+ {[%emt 0:00:05]} Kh7 $2 {[%emt 0:01:11]} (32... gxh6 $11 33. Rg4+ Ng5) 33. Nxf7 {[%emt 0:00:24]} Qxf1+ {[%emt 0:00:07]} 34. Qxf1 {[%emt 0:00:39]} Ng3+ {[%emt 0:00:06]} 35. Kg1 {[%emt 0:00:23]} Nxf1 {[#]} 36. Rg4 $1 {[%emt 0:01:12]} g6 {[%emt 0:00:45]} 37. Ng5+ {[%emt 0:03:19]} (37. Rh4+ $142 Kg8 38. Ng5 Re5 39. Bxe5 Nh7 40. Rxh7 Kf8 41. Bf6 Ke8 42. Ne6 gxf5 43. Re7#) 37... Kh6 {[%emt 0:01:01]} 38. Nf7+ {[%emt 0:01:45]} Kh7 {[%emt 0:00:11]} 39. Kxf1 {[%emt 0:01:04]} Re7 {[%emt 0:01:12]} 40. Ng5+ $2 {[%emt 0:00:48]} (40. Rh4+ $18 {is the precise move to win.} Kg8 41. Nh6+ Kh7 42. Ng4+ Kg8 43. Rh8+ Kf7 44. Nh6+ Ke8 45. fxg6) 40... Kg8 {[%emt 0:00:41]} 41. f6 {[%emt 0:00:20]} Rc7 {[%emt 0:00:18]} 42. f7+ {[%emt 0:00:27]} Rxf7+ {[%emt 0:00:11]} 43. Nxf7 {[%emt 0:00:01]} Kxf7 {[%emt 0:00:06]} 44. Rf4+ {[%emt 0:00:24]} Ke7 $2 {[%emt 0:00:43]} (44... Ke6 $14) 45. Bc5+ {[%emt 0:00:06]} Ke6 {[%emt 0:00:24]} 46. Rxf8 {[%emt 0:00:06]} Rxf8+ {[%emt 0:00:09]} 47. Bxf8 {[%emt 0:00:06]} Ke5 {[%emt 0:00:07]} 48. Ke2 {[%emt 0:00:08]} Ke4 {[%emt 0:00:07]} 49. Bd6 {[%emt 0:00:40]} d4 {[%emt 0:00:38]} 50. Kd2 {[%emt 0:00:53]} b5 {[%emt 0:00:17]} 51. b3 {[%emt 0:00:20]} a6 {[%emt 0:00:05]} 52. Bg3 {[%emt 0:00:24]} d3 {[%emt 0:01:36]} 53. Bf2 {[%emt 0:00:22]} a5 {[%emt 0:00:44]} 54. a4 {[%emt 0:00:09]} bxa4 {[%emt 0:00:59]} 55. bxa4 $18 {[%emt 0:00:07]} 1-0

[Event "XVII Profigaia Open 2017"]
[Site "Gaia"]
[Date "2017.06.15"]
[Round "2"]
[White "Silva, Mariana Sofia T"]
[Black "Ribeiro, Andre Amorim"]
[Result "1-0"]
[WhiteElo "1922"]
[BlackElo "1463"]
[Annotator "NA"]
[PlyCount "71"]
[EventDate "2017.??.??"]
[EventType "swiss"]
[EventCountry "POR"]
[SourceTitle "playchess.com"]
[Source "ChessBase"]
[SourceQuality "1"]
[TimeControl "5400+30"]

{[%evp 8,71,19,16,10,18,28,19,51,30,48,43,38,41,32767,32767,32767,32767,32767,32767,32767,32767,32767,32767,57,45,58,62,64,32767,137,141,175,122,32767,32767,32767,32767,32767,32767,32767,32767,32767,32767,32767,340,32767,32767,32767,345,32767,32767,32767,32767,366,319,326,354,1443,1992,1172,1274,29994,32767,32767,29997]} 1. e4 {[%emt 0:00:00]} c5 {[%emt 0:08:48]} 2. Nf3 {[%emt 0:00:00]} Nc6 {[%emt 0:00:07]} 3. d4 {[%emt 0:00:00]} cxd4 {[%emt 0:00:06]} 4. Nxd4 {[%emt 0:00:04]} e5 {[%emt 0:00:05]} 5. Nb5 {[%emt 0:00:54]} d6 {[%emt 0:01:04]} 6. N1c3 {[%emt 0:01:37]} a6 {[%emt 0:00:40]} 7. Na3 {[%emt 0:00:06]} Nf6 {[%emt 0:02:05]} 8. Bg5 {[%emt 0:01:26]} Be7 {[%emt 0:00:26]} 9. Bxf6 {[%emt 0:03:54]} Bxf6 {[%emt 0:00:14]} 10. Nc4 {[%emt 0:02:32] LiveBook: 8 Games} Be7 {[%emt 0:05:29] B33: Sicilian: Pelikan and Sveshnikov Variations} (10... Nd4 11. Nd5 b5 12. Ncb6 Rb8 13. Nxc8 Rxc8 14. c3 Nc6 15. a4 b4 16. Bxa6 Bg5 17. Qg4 Rb8 18. Bb5 {1-0 (19) Di Berardino,D (2484)-Silva,F (2268) Itajai 2014}) 11. Nd5 {[%emt 0:01:40]} b5 {[%emt 0:01:01]} 12. Nxe7 {[%emt 0:01:05]} Kxe7 {[%emt 0:00:07]} 13. Ne3 {[%emt 0:00:26]} Qa5+ $146 {[%emt 0:03:04]} ({Predecessor:} 13... Be6 14. Qd2 Qc7 15. g3 Rhd8 16. Bg2 Kf8 17. O-O Ne7 18. a4 {1-0 (31) Md,S (2135)-Md Emdadul,H (1972) Dhaka 2015}) 14. c3 {[%emt 0:01:26]} Be6 {[%emt 0:00:06]} 15. Be2 {[%emt 0:05:41]} b4 {[%emt 0:13:17]} 16. O-O {[%emt 0:05:44]} bxc3 {[%emt 0:01:49]} 17. bxc3 {[%emt 0:00:08]} Rhd8 {[%emt 0:01:32]} 18. Bg4 {[%emt 0:03:25]} g6 {[%emt 0:09:30]} (18... Kf8 $14) 19. Bxe6 {[%emt 0:00:30]} fxe6 {[%emt 0:00:07]} 20. Qg4 {[%emt 0:01:04]} Qc7 {[%emt 0:02:11]} 21. Qh4+ {[%emt 0:01:07]} Ke8 {[%emt 0:05:32]} 22. Ng4 {[%emt 0:06:19]} Ra7 {[%emt 0:17:25]} 23. f4 {[%emt 0:02:41]} Kd7 {[%emt 0:03:57]} 24. Qxh7+ {[%emt 0:00:55]} Kc8 {[%emt 0:00:08]} 25. Qxg6 {[%emt 0:01:13]} Qe7 {[%emt 0:02:48]} 26. fxe5 {[%emt 0:01:45]} dxe5 {[%emt 0:00:59]} 27. Nh6 {[%emt 0:04:43]} Qc5+ {[%emt 0:01:23]} 28. Kh1 {[%emt 0:00:29]} Re7 {[%emt 0:00:57]} 29. Nf7 {[%emt 0:04:46]} Rdd7 {[%emt 0:01:53]} 30. Qh5 {[%emt 0:05:55]} Kc7 {[%emt 0:03:44]} 31. Rad1 {[%emt 0:03:36]} Rxd1 {[%emt 0:02:24]} 32. Qxd1 {[%emt 0:00:34]} ({Weaker is} 32. Rxd1 Qxc3 33. Ng5 Kb7 $18) 32... Na5 $2 {[%emt 0:01:58]} (32... Rd7) 33. Qd8+ {[%emt 0:01:01]} Kc6 {[%emt 0:00:57]} 34. Nxe5+ {[%emt 0:02:12]} Kb5 {[%emt 0:00:55]} 35. Rb1+ {[%emt 0:01:39]} Ka4 {[%emt 0:00:07]} 36. Qd1+ {[%emt 0:00:59]} 1-0

[Event "XVII Profigaia Open 2017"]
[Site "Gaia"]
[Date "2017.06.15"]
[Round "2"]
[White "Antao, Jorge"]
[Black "Coimbra, Joao Marcial Ferrei"]
[Result "1-0"]
[WhiteElo "1873"]
[BlackElo "1402"]
[Annotator "NA"]
[PlyCount "87"]
[EventDate "2017.??.??"]
[EventType "swiss"]
[EventCountry "POR"]
[SourceTitle "playchess.com"]
[Source "ChessBase"]
[SourceQuality "1"]
[TimeControl "5400+30"]

1. Nf3 c6 2. b3 d6 3. Bb2 h6 4. d3 Bg4 5. e4 Nd7 6. h3 Bxf3 7. Qxf3 e5 8. Nc3 Qf6 9. Qe2 Ne7 10. O-O-O Ng6 11. g3 Be7 12. f4 exf4 13. Nd5 Qg5 14. Nc7+ Kf8 15. Nxa8 fxg3+ 16. Rd2 Qa5 17. Kb1 Bg5 18. Rd1 h5 19. Qe1 Qxe1 20. Rxe1 h4 21. Bc1 Be7 22. Bg2 Bf6 23. Ref1 Bd4 24. Rf5 Nge5 25. Nc7 Rh7 26. Ne6+ Ke7 27. Nxd4 f6 28. Rf4 g6 29. Ne2 c5 30. Nc3 g5 31. Rf5 a6 32. Rhf1 b5 33. Nd5+ Kd8 34. Nxf6 Nxf6 35. Bxg5 Kc7 36. Bxf6 Kc6 37. Bxe5 c4 38. Bd4 cxb3 39. cxb3 b4 40. e5+ d5 41. Rf6+ Kb5 42. Bxd5 Rd7 43. Bc4+ Ka5 44. Rxa6# 1-0

[Event "XVII Profigaia Open 2017"]
[Site "Gaia"]
[Date "2017.06.15"]
[Round "2"]
[White "Da Silva Junior, Antonio Gomes"]
[Black "Oliveira, Maria Alice Ramos M"]
[Result "0-1"]
[WhiteElo "1846"]
[BlackElo "1561"]
[Annotator "NA"]
[PlyCount "60"]
[EventDate "2017.??.??"]
[EventType "swiss"]
[EventCountry "POR"]
[SourceTitle "playchess.com"]
[Source "ChessBase"]
[SourceQuality "1"]
[TimeControl "5400+30"]

1. e4 e5 {[%emt 0:00:04]} 2. Nf3 {[%emt 0:00:00]} Nc6 {[%emt 0:00:07]} 3. Bc4 {[%emt 0:01:00]} Bc5 {[%emt 0:00:05]} 4. c3 {[%emt 0:00:55]} Nf6 {[%emt 0:00:07]} 5. d4 {[%emt 0:01:12]} exd4 {[%emt 0:00:06]} 6. cxd4 {[%emt 0:01:33]} Bb4+ {[%emt 0:00:07]} 7. Bd2 {[%emt 0:00:54]} Bxd2+ {[%emt 0:00:08]} 8. Nbxd2 {[%emt 0:00:08]} d5 {[%emt 0:00:05]} 9. exd5 {[%emt 0:00:37]} Nxd5 {[%emt 0:00:07]} 10. h3 {[%emt 0:02:28]} O-O {[%emt 0:03:18]} 11. O-O {[%emt 0:01:31]} Nb6 {[%emt 0:04:00]} 12. Bd3 {[%emt 0:13:35] C54: Giuoco Piano: 4 c3 Nf6, main lines with 5 d4 and 5 d3} Nxd4 {[%emt 0:04:52]} 13. Nxd4 {[%emt 0:01:03]} Qxd4 {[%emt 0:00:10]} 14. Qc2 {[%emt 0:01:02]} h6 {[%emt 0:03:26]} 15. Nf3 {[%emt 0:03:49]} (15. Nb3 Qf4 16. Be4 c6 17. Nc5 Nd7 18. Rfe1 Nxc5 19. Qxc5 Be6 {0-1 (50) Machan,J (2012)-Sergienko,S (2411) Nachod 2011}) 15... Qf4 {[%emt 0:02:03]} 16. Nh2 {[%emt 0:04:47]} (16. Rfe1 $15) 16... c6 {[%emt 0:01:43]} 17. Rfe1 {[%emt 0:02:33]} Be6 $146 {[%emt 0:01:46]} ({Predecessor:} 17... Nd5 18. g3 Qf6 19. Bf1 Bf5 {0-1 (58) Grebenshikova,T (2090)-Vorobjov,D (2138) Tula 2004}) 18. Re4 {[%emt 0:03:11]} Qc7 {[%emt 0:02:14]} 19. b3 {[%emt 0:09:57]} Rad8 {[%emt 0:05:28]} 20. Rd1 {[%emt 0:09:03]} Nd5 {[%emt 0:06:56]} 21. Bc4 {[%emt 0:08:28]} Bf5 {[%emt 0:09:30]} 22. Rde1 {[%emt 0:07:22]} Bxe4 {[%emt 0:01:04]} 23. Rxe4 {[%emt 0:00:31]} Nf6 {[%emt 0:00:47]} 24. Re1 {[%emt 0:01:11]} Rfe8 {[%emt 0:00:27]} 25. Rxe8+ {[%emt 0:01:41]} Rxe8 {[%emt 0:00:06]} 26. Nf3 {[%emt 0:00:44]} Qf4 {[%emt 0:02:35]} 27. Nh2 {[%emt 0:05:22]} Re1+ {[%emt 0:01:32]} 28. Nf1 $19 {[%emt 0:00:14]} Ne4 {[%emt 0:05:37]} 29. f3 {[%emt 0:04:38]} Nd2 {[%emt 0:02:02]} 30. Bd3 {[%emt 0:01:16]} Qe3+ 0-1

[Event "XVII Profigaia Open 2017"]
[Site "Gaia"]
[Date "2017.06.15"]
[Round "2"]
[White "Catarro, Jose Joao Dias"]
[Black "Frois, Antonio"]
[Result "0-1"]
[WhiteElo "1833"]
[BlackElo "2278"]
[Annotator "NA"]
[PlyCount "78"]
[EventDate "2017.??.??"]
[EventType "swiss"]
[EventCountry "POR"]
[SourceTitle "playchess.com"]
[Source "ChessBase"]
[SourceQuality "1"]
[TimeControl "5400+30"]

1. b4 {[%emt 0:00:00]} e5 {[%emt 0:00:08]} 2. Bb2 {[%emt 0:00:00]} d6 {[%emt 0:00:16]} 3. e3 {[%emt 0:00:00]} f5 {[%emt 0:00:43]} 4. Nf3 {[%emt 0:02:04] A00: Irregular Openings} Nf6 {[%emt 0:00:18]} 5. Be2 {[%emt 0:00:58]} (5. a3 g6 6. Bc4 Bg7 7. Bb3 Qe7 8. d4 e4 9. Ng5 h6 10. Nh3 {1-0 (59) Petkov,V (2481)-Kuzubov,Y (2636) Kragujevac 2015}) 5... Be7 {[%emt 0:00:32]} 6. O-O {[%emt 0:00:19]} O-O {[%emt 0:00:05]} 7. c4 {[%emt 0:00:10]} Kh8 {[%emt 0:00:09]} 8. d3 {[%emt 0:03:52]} Be6 {[%emt 0:02:42]} 9. Nbd2 {[%emt 0:01:05]} Nbd7 {[%emt 0:00:26]} 10. Qc2 {[%emt 0:01:14]} Qe8 $146 {[%emt 0:00:05]} ({Predecessor:} 10... Ng4 11. d4 {0-1 (27) Pfueller,V (1795)-Rickers,G (2150) Germany 2009}) 11. Rfe1 {[%emt 0:01:17]} h6 12. a4 {[%emt 0:06:56]} Bg8 {[%emt 0:01:49]} 13. Nf1 {[%emt 0:02:00]} Bh7 {[%emt 0:00:29]} 14. d4 {[%emt 0:05:24]} f4 {[%emt 0:05:28]} 15. Qb3 {[%emt 0:00:50]} e4 {[%emt 0:00:11]} 16. N3d2 {[%emt 0:01:13]} fxe3 {[%emt 0:10:11]} 17. Qxe3 {[%emt 0:03:17]} ({White should try} 17. Nxe3 $14 c6 18. a5) 17... d5 {[%emt 0:01:27]} 18. b5 {[%emt 0:05:48]} dxc4 {[%emt 0:03:18]} 19. Nxc4 {[%emt 0:03:15]} Bb4 {[%emt 0:09:10]} 20. Rec1 {[%emt 0:05:31]} Nd5 {[%emt 0:00:06]} 21. Qb3 {[%emt 0:01:43]} Qf7 {[%emt 0:02:24]} 22. Qg3 {[%emt 0:00:01]} Nf4 {[%emt 0:02:36]} 23. Qe3 {[%emt 0:01:46]} Be7 {[%emt 0:10:38]} 24. Ba3 {[%emt 0:05:55]} Rae8 {[%emt 0:03:36]} 25. Bxe7 {[%emt 0:01:38]} Rxe7 {[%emt 0:00:15]} 26. Ng3 {[%emt 0:00:16]} Nd5 {[%emt 0:00:45]} 27. Qd2 {[%emt 0:02:40]} Qxf2+ {[%emt 0:00:17]} 28. Kh1 {[%emt 0:00:07]} Nf4 $2 {[%emt 0:03:15]} (28... e3 $19 29. Qd1 Nf4) 29. Bf1 {[%emt 0:00:26]} Qxd2 {[%emt 0:00:10]} 30. Nxd2 {[%emt 0:00:12]} e3 {[%emt 0:04:33]} 31. Re1 {[%emt 0:00:18]} Rfe8 {[%emt 0:01:01]} 32. Nc4 {[%emt 0:01:09]} e2 {[%emt 0:00:33]} 33. Kg1 {[%emt 0:08:13]} Bd3 {[%emt 0:00:26]} 34. Ne5 {[%emt 0:00:22]} Nxe5 {[%emt 0:00:54]} 35. dxe5 {[%emt 0:02:15]} Rxe5 $19 {[%emt 0:00:21]} 36. Bxe2 {[%emt 0:00:12]} Nxe2+ {[%emt 0:00:07]} 37. Nxe2 {[%emt 0:00:10]} Rxe2 {[%emt 0:00:05]} 38. Rxe2 {[%emt 0:00:19]} Rxe2 {[%emt 0:00:05]} 39. Rd1 {[%emt 0:00:21]} Be4 {[%emt 0:00:06]} 0-1